History Quiz

Random History or Art Quiz

15 Works of Art Quiz Stats

 Plays Quiz not verified by Sporcle

Support Sporcle.
Go Orange.
Score 0/45 Timer 15:00
0 Plays Today
% Correct
Jacques-Louis David
86.8%
David
86.7%
Dali
85.8%
Michelangelo
82.7%
Michelangelo
82.7%
Birth of Venus
76.8%
Botticelli
72.6%
Renaissance
72%
Renaissance
72%
Renaissance
72%
Renaissance
72%
Renaissance
72%
Surrealism
69.6%
Impressionism
68.2%
Vincent Van Gogh
67.3%
Pieta
63%
Georges-Pierre Seurat
57.8%
Auguste Renoir
53.9%
Persistence of Memory
53.9%
Nighthawks
52.3%
Cubo-futurism
52.2%
Edward Hopper
50.1%
Pointillism
49.9%
% Correct
Expressionism
46.9%
Jan Van Eyck
44.2%
Baroque
40.5%
Raft of the Medusa
39%
Velazquez
37.2%
Romanticism
36.4%
Sunday Afternoon on the Island of La Grande Jatte
35.4%
Discus Thrower
33.4%
Neoclassicism
33%
Classical Greek
32%
Las Meninas
31.5%
Modernism
29.4%
Arnolfini and His Bride
28.3%
Marcel Duchamp
25.4%
Gericault
25.2%
Oath of the Horatii
24.6%
Nude Descending a Staircase
22.7%
Giotto
21.6%
The Night Cafe
11.4%
Lamentation
9.5%
Myron
8.4%
Dance at Le moulin de la Galette
5.6%

You're not logged in!

Compare scores with friends on all Sporcle quizzes.
OR
Log In

From the Vault

Easy Science 7-to-1

by samc67

Don't let the word 'Easy' fool you. You still have to know SOME science.
Remove Ads.
Support Sporcle.
Get the best of Sporcle when you Go Orange. This ad-free experience offers more features, more stats, and more fun while also helping to support Sporcle. Thank you for becoming a member.

Show Comments

Extras

Top Quizzes Today


Score Distribution

Your Account Isn't Verified!

In order to create a playlist on Sporcle, you need to verify the email address you used during registration. Go to your Sporcle Settings to finish the process.

Report this User

Report this user for behavior that violates our Community Guidelines.

Details: